000
00321pam a2200133 a 4500
020
_c
041
_h
082
_a
381.142
_b
KAH
100
_a
Kahkota, R
245
_a
E-Business 2 -0 Readmap For Service
_h
Textual Documents
260
_a
New Delhi
_b
Pearson Education [Addison Wesley]
300
_a
520
930
_a
4622
999
_c
111452
_d
111452